| 000 | 00874cam a2200289 a 4500 | ||
|---|---|---|---|
| 999 |
_c6730 _d6730 |
||
| 001 | 38024206 | ||
| 003 | OCoLC | ||
| 005 | 20190119152542.0 | ||
| 008 | 971121s1998 inua b 000 0 eng | ||
| 010 | _a97049288 | ||
| 020 | _a1570281823 (pbk.) | ||
| 035 | _a.b49400770 | ||
| 040 |
_aDLC _cDLC _dWaOLN |
||
| 049 | _aOSUU | ||
| 050 | 0 | 0 |
_aGV1065.17.T73 _bW55 1998 |
| 050 | 0 | 0 |
_aGV1065.17.T73 _bW55 1998 |
| 082 | 0 | 0 |
_a796.42 _221 _bW623N |
| 100 | 1 | _aWhitsett, David A | |
| 245 | 1 | 4 |
_aThe non-runner's marathon trainer / _cDavid A. Whitsett, Forrest Dolgener, Tanjala Mabon Kole |
| 260 |
_aIndianapolis, IN. : _bMasters Press, _cc1998 |
||
| 300 |
_a288 p. : _bill. ; _c26 cm |
||
| 504 | _aIncludes bibliographical references | ||
| 650 | 0 |
_aMarathon running _xTraining |
|
| 700 | 1 |
_aDolgener, Forrest, _d1946- |
|
| 700 | 1 |
_aKole, Tanjala Mabon, _d1958- |
|
| 942 |
_2ddc _cBK |
||